Guatemala: las líneas de su mano /

Guardado en:
Bibliografiske detaljer
Autores Corporativos: CEESTEM, Instituto de Investigaciones Estéticas
Format: Ukendt
Udgivet: México D.F.: CEESTEM
Fag:
Tags: Tilføj Tag
Ingen Tags, Vær først til at tagge denne postø!

MARC

LEADER 00000 a2200000 04500
001 14942
003
008 991231s d
040
090 |a 017704  
110 |a CEESTEM  
245 |a Guatemala: las líneas de su mano /  |c CEESTEM  
260 |a México D.F.:   |b CEESTEM  
300 |a 171 p.  
650 |a REVOLUCION  
710 |a  Instituto de Investigaciones Estéticas  
999 |c 6631  |d 6631